00546cam a22002171 4500001001300000003000400013005001700017008004100034010001700075035002000092040002100112042001200133050002000145100002400165245002700189260004200216300002000258500001200278752002100290999001700311he 66001745 DLC20260227111441.0840119s1965 is 000 0 heb  ahe 66001745  a(OCoLC)19158042 aDLCcMHdCUdDLC apremarc00aPJ5053.B592bM81 aBosak, Meir,d1912-10aMul h̀£alal u-demamah. aTel Aviv :bAlef,c726 [1965 or 1966] a94 p. ;c21 cm. aPoetry. aIsraeldTel Aviv c31982d31982